[Event "Moscow Aeroflot op-B"]
[Site "Moscow"]
[Date "2004.02.21"]
[Round "5"]
[White "Kotanjian, Tigran"]
[Black "Moser, Eva"]
[Result "1-0"]
[WhiteElo "2452"]
[BlackElo "2409"]
[PlyCount "77"]
[EventDate "2004.02.17"]
[EventType "swiss"]
[EventRounds "9"]
[EventCountry "RUS"]
[SourceTitle "EXT 2005"]
[Source "ChessBase"]
[SourceDate "2004.11.15"]
[SourceVersion "1"]
[SourceVersionDate "2004.11.15"]
[SourceQuality "1"]

1. d4 Nf6 2. c4 g6 3. Nc3 Bg7 4. e4 O-O 5. Nf3 c6 6. e5 Ne8 7. Be2 d6 8. O-O
Bg4 9. Ng5 Bxe2 10. Qxe2 dxe5 11. dxe5 h6 12. Nf3 Nc7 13. Rd1 Qc8 14. Be3 Ne6
15. Nd4 Na6 16. f4 Nac7 17. Nf3 b6 18. a4 Qb7 19. Qc2 f5 20. exf6 Rxf6 21. Ne4
Rff8 22. Ng3 Nxf4 23. Bxf4 Rxf4 24. Qxg6 Rf6 25. Qe4 Qc8 26. Nh5 Re6 27. Qh4
Ne8 28. Ra3 Rg6 29. Nxg7 Nxg7 30. Ne5 Rg5 31. Qxh6 Qf5 32. Re1 Qf4 33. Rh3 Qd4+
34. Kh1 Rxe5 35. Rf1 Rh5 36. Rxh5 Nxh5 37. Qxh5 Qxc4 38. Qg5+ Kh8 39. Rf3 1-0

[Event "Moscow Aeroflot op-B"]
[Site "Moscow"]
[Date "2004.02.18"]
[Round "2"]
[White "Moser, Eva"]
[Black "Zhelesny, Stanislav"]
[Result "1/2-1/2"]
[WhiteElo "2409"]
[BlackElo "2282"]
[PlyCount "122"]
[EventDate "2004.02.17"]
[EventType "swiss"]
[EventRounds "9"]
[EventCountry "RUS"]
[SourceTitle "EXT 2005"]
[Source "ChessBase"]
[SourceDate "2004.11.15"]
[SourceVersion "1"]
[SourceVersionDate "2004.11.15"]
[SourceQuality "1"]

1. g3 d5 2. Bg2 Nf6 3. Nf3 g6 4. O-O Bg7 5. d3 O-O 6. Nbd2 Nc6 7. e4 dxe4 8.
dxe4 Bg4 9. h3 Bxf3 10. Qxf3 Nd4 11. Qd1 e5 12. Nc4 Qe7 13. c3 Nc6 14. Qb3 Rab8
15. Ne3 b5 16. Nd5 Nxd5 17. exd5 Na5 18. Qb4 Qxb4 19. cxb4 Nc4 20. b3 Nb6 21.
Be3 e4 22. Rac1 Nxd5 23. Bxa7 Ra8 24. Bxe4 Rxa7 25. Bxd5 Be5 26. Rc2 Bd6 27.
Bc6 Rb8 28. Rd1 Rb6 29. Rd5 Rba6 30. Bxb5 Rxa2 31. Rxa2 Rxa2 32. Bc4 Ra8 33.
Rb5 Re8 34. Rb7 Re5 35. b5 Rf5 36. f4 Bc5+ 37. Kg2 Bb6 38. Rb8+ Kg7 39. Rd8 g5
40. Bd3 Rf6 41. fxg5 Rf2+ 42. Kh1 Rf3 43. Kg2 Rf2+ 44. Kh1 Rf3 45. h4 Rxg3 46.
Kh2 Rg4 47. Kh3 Rd4 48. Rxd4 Bxd4 49. Kg4 h6 50. Kf5 hxg5 51. Kxg5 Bf6+ 52. Kg4
Bd4 53. h5 Be3 54. Kf3 Bb6 55. Kf4 Bd4 56. Kf5 Bb6 57. Bc4 Be3 58. Ke4 Bf2 59.
Ke5 Be3 60. Kd5 Bb6 61. Kc6 f6 1/2-1/2

[Event "AUT-chT2M 0304"]
[Site "Austria"]
[Date "2004.02.01"]
[Round "7"]
[White "Moser, Eva"]
[Black "Loebler, Heimo"]
[Result "1-0"]
[WhiteElo "2328"]
[BlackElo "2216"]
[PlyCount "181"]
[EventDate "2003.11.08"]
[EventType "team-tourn"]
[EventRounds "11"]
[EventCountry "AUT"]
[SourceTitle "EXT 2005"]
[Source "ChessBase"]
[SourceDate "2004.11.15"]
[SourceVersion "1"]
[SourceVersionDate "2004.11.15"]
[SourceQuality "1"]

1. e4 d5 2. exd5 Qxd5 3. Nc3 Qd6 4. d4 a6 5. g3 Nf6 6. Bf4 Qb6 7. Qd2 Qxb2 8.
Rb1 Qa3 9. Bxc7 e6 10. Rb3 Qe7 11. Bxb8 Rxb8 12. Bxa6 Qc7 13. Bb5+ Bd7 14. Nf3
Be7 15. Bxd7+ Nxd7 16. O-O O-O 17. Rfb1 Rfd8 18. Qe2 b6 19. Nb5 Qc6 20. c4 Bf6
21. Rc1 Ra8 22. Rc2 Ra4 23. Nd2 Rc8 24. Rbc3 Rd8 25. Ne4 Be7 26. Qf3 Qa8 27.
Qe2 Nf6 28. Nxf6+ Bxf6 29. Rd3 Qc6 30. Rd1 Ra5 31. h4 h6 32. Kh2 Rd7 33. Rdd2
Rd8 34. Qd1 Qe4 35. Qh1 Qg4 36. Qd1 Qf5 37. Kg2 g5 38. hxg5 hxg5 39. Qf3 Qg6
40. Qd3 Qg7 41. Qe4 Qh7 42. Qxh7+ Kxh7 43. Kf3 Kg6 44. g4 Bg7 45. Ke3 Bf8 46.
Rb2 Ra4 47. Rdc2 Rc8 48. Kd3 Be7 49. f3 Bf8 50. Rb1 Kg7 51. Rh1 Kg6 52. Re1 Kg7
53. Rec1 Kg6 54. Rh1 Kg7 55. Rb1 Be7 56. Re1 Bf8 57. Re4 Kg6 58. Re5 Kf6 59.
Nc3 Ra3 60. Rb2 Bd6 61. Reb5 Rd8 62. R2b3 Rxb3 63. axb3 Bc7 64. Ne4+ Ke7 65.
Nxg5 f6 66. Ne4 Kf7 67. Ke3 Kg6 68. c5 bxc5 69. Nxc5 Re8 70. Rb7 Bh2 71. b4
Bg1+ 72. Kd3 e5 73. d5 Ra8 74. d6 Ra3+ 75. Kc4 Ra8 76. d7 e4 77. fxe4 Kg5 78.
Ne6+ Kxg4 79. d8=Q Rxd8 80. Nxd8 Kf4 81. Kd5 Kg5 82. Rd7 Kf4 83. b5 Bb6 84.
Ne6+ Ke3 85. Nc5 Kf4 86. Na4 Ba5 87. b6 Bxb6 88. Nxb6 Kg5 89. Rd6 Kg6 90. Nd7
Kg5 91. Rxf6 1-0

[Event "AUT-chT2M 0304"]
[Site "Austria"]
[Date "2004.01.10"]
[Round "5"]
[White "Moser, Eva"]
[Black "Mitter, Gerd"]
[Result "1-0"]
[WhiteElo "2328"]
[BlackElo "2188"]
[PlyCount "93"]
[EventDate "2003.11.08"]
[EventType "team-tourn"]
[EventRounds "11"]
[EventCountry "AUT"]
[SourceTitle "EXT 2005"]
[Source "ChessBase"]
[SourceDate "2004.11.15"]
[SourceVersion "1"]
[SourceVersionDate "2004.11.15"]
[SourceQuality "1"]

1. g3 Nf6 2. Bg2 d5 3. Nf3 c5 4. O-O Nc6 5. d3 g6 6. Nbd2 Bg7 7. e4 O-O 8. Re1
Bg4 9. h3 dxe4 10. dxe4 Bxf3 11. Qxf3 Nd4 12. Qd3 Nd7 13. f4 b5 14. e5 Rb8 15.
Ne4 Qc7 16. Nxc5 Qxc5 17. Be3 Nxe5 18. fxe5 Qxe5 19. c3 Nf5 20. Bxa7 Rbd8 21.
Rxe5 Rxd3 22. Rxb5 Rxg3 23. Bf2 Rd3 24. a4 Nd6 25. Rb4 e5 26. a5 e4 27. a6 e3
28. Bxe3 Rxe3 29. a7 Ree8 30. a8=Q Rxa8 31. Rxa8 Bh6 32. Rbb8 Be3+ 33. Kf1 Rxb8
34. Rxb8+ Kg7 35. Ke2 Nf5 36. Kd3 Bf4 37. Rb7 Nd6 38. Rb4 g5 39. c4 f5 40. c5
Ne8 41. Rb7+ Kg6 42. b4 h5 43. b5 g4 44. b6 Bh2 45. Re7 Nf6 46. c6 gxh3 47. Bf3
1-0

[Event "Oberwart op"]
[Site "Oberwart"]
[Date "2004.??.??"]
[Round "?"]
[White "Zsinka, Laszlo"]
[Black "Moser, Eva"]
[Result "1/2-1/2"]
[WhiteElo "2370"]
[BlackElo "2405"]
[PlyCount "40"]
[EventDate "2004.07.10"]
[EventType "swiss"]
[EventRounds "9"]
[EventCountry "AUT"]
[SourceTitle "CBM 103 Extra"]
[Source "ChessBase"]
[SourceDate "2005.01.01"]
[SourceVersion "1"]
[SourceVersionDate "2005.01.01"]
[SourceQuality "1"]

1. d4 f5 2. c4 Nf6 3. Nc3 g6 4. h4 d6 5. h5 Nxh5 6. e4 Qd7 7. exf5 Qxf5 8. Bd3
Qe6+ 9. Be3 Bg7 10. Nf3 Nf4 11. Bf1 Na6 12. Rh4 Nh5 13. Ng5 Qg8 14. Rxh5 gxh5
15. Qxh5+ Kf8 16. Qf3+ Bf6 17. Nd5 Qg7 18. Nf4 Qg8 19. Nd5 Qg7 20. Nf4 Qg8
1/2-1/2

[Event "Oberwart op"]
[Site "Oberwart"]
[Date "2004.??.??"]
[Round "?"]
[White "Czebe, Attila"]
[Black "Moser, Eva"]
[Result "1-0"]
[WhiteElo "2480"]
[BlackElo "2405"]
[PlyCount "81"]
[EventDate "2004.07.10"]
[EventType "swiss"]
[EventRounds "9"]
[EventCountry "AUT"]
[SourceTitle "CBM 103 Extra"]
[Source "ChessBase"]
[SourceDate "2005.01.01"]
[SourceVersion "1"]
[SourceVersionDate "2005.01.01"]
[SourceQuality "1"]

1. c4 f5 2. d4 Nf6 3. g3 g6 4. Bg2 Bg7 5. Nc3 O-O 6. e3 d6 7. Nge2 e5 8. O-O c6
9. b3 e4 10. Ba3 Na6 11. b4 Nc7 12. d5 cxd5 13. cxd5 Bd7 14. Nd4 Qe7 15. Qb3
Qe5 16. Rac1 Ncxd5 17. Rfd1 Kh8 18. Bb2 Nxc3 19. Rxc3 Rac8 20. Bf1 Qe7 21. Bb5
Rxc3 22. Bxc3 Rc8 23. Bb2 a6 24. Bxd7 Nxd7 25. Kg2 Ne5 26. Ne6 Bf6 27. Nf4 Bg7
28. Qe6 Qxe6 29. Nxe6 Rc2 30. Rxd6 Kg8 31. Bxe5 Bxe5 32. Rd5 Bf6 33. a4 Rc4 34.
b5 Rxa4 35. Nc5 Ra5 36. bxa6 bxa6 37. Nxe4 Rxd5 38. Nxf6+ Kf7 39. Nxd5 a5 40.
Nc3 Ke6 41. Kf3 1-0

[Event "Oberwart op"]
[Site "Oberwart"]
[Date "2004.??.??"]
[Round "?"]
[White "Moser, Eva"]
[Black "Peredy, Ferenc"]
[Result "1-0"]
[WhiteElo "2405"]
[BlackElo "2295"]
[PlyCount "229"]
[EventDate "2004.07.10"]
[EventType "swiss"]
[EventRounds "9"]
[EventCountry "AUT"]
[SourceTitle "CBM 103 Extra"]
[Source "ChessBase"]
[SourceDate "2005.01.01"]
[SourceVersion "1"]
[SourceVersionDate "2005.01.01"]
[SourceQuality "1"]

1. e4 e6 2. d4 d5 3. Nc3 Nf6 4. e5 Nfd7 5. Nce2 c5 6. c3 Nc6 7. f4 cxd4 8. cxd4
Bb4+ 9. Bd2 Bxd2+ 10. Qxd2 Qa5 11. Nf3 Qxd2+ 12. Kxd2 Nb6 13. Nc3 a6 14. Rc1
Bd7 15. b3 Ke7 16. Bd3 h5 17. g3 f5 18. h3 g6 19. Bb1 Rac8 20. Ne2 Na7 21. Rcg1
Bb5 22. Nc3 Be8 23. Ne2 Bb5 24. Nc3 Be8 25. g4 hxg4 26. hxg4 Bf7 27. Ne2 Nc6
28. Ng5 Nd7 29. Nh7 Bg8 30. Ng5 Bf7 31. Ke3 Rcg8 32. Nf3 Nf8 33. Nc3 Nd7 34.
Ng5 Be8 35. Ne2 Nf8 36. Ng3 Bd7 37. gxf5 exf5 38. Ne2 Nd8 39. Nc3 Bc6 40. b4
Nde6 41. Nf3 Rxh1 42. Rxh1 Rg7 43. a4 Nc7 44. Ba2 b5 45. axb5 axb5 46. Ng5 Nfe6
47. Nh7 g5 48. fxg5 f4+ 49. Kd3 Nxg5 50. Nf6 Ke6 51. Rg1 f3 52. Nce4 Kf5 53.
Nd6+ Ke6 54. Nfe4 f2 55. Nxf2 Kd7 56. Nf5 Rf7 57. Rxg5 Ne6 58. Rg3 Rxf5 59. Ng4
Rf4 60. Nf6+ Kc7 61. Rg4 Rf1 62. Nxd5+ Kb7 63. Ne3 Nf4+ 64. Kc3 Rf3 65. Rxf4
Rxf4 66. d5 Be8 67. Bb1 Rf3 68. Kd4 Kb6 69. Be4 Rf4 70. d6 Rh4 71. Nd5+ Kb7 72.
Ne7+ Kb6 73. e6 Rh6 74. Nd5+ Kc6 75. d7 Bxd7 76. exd7 Kxd7 77. Kc5 Rh4 78. Bf5+
Kd8 79. Kxb5 Rh5 80. Ne3 Rg5 81. Kc6 Rg3 82. Nd5 Rb3 83. b5 Ke8 84. b6 Kf7 85.
b7 Rxb7 86. Kxb7 Kg7 87. Kc6 Kh6 88. Kd6 Kg5 89. Ke5 Kh4 90. Kf4 Kh5 91. Nc7
Kh6 92. Ne6 Kh5 93. Be4 Kh6 94. Kf5 Kh5 95. Bf3+ Kh6 96. Kf6 Kh7 97. Ng5+ Kh6
98. Nf7+ Kh7 99. Be4+ Kg8 100. Bf5 Kf8 101. Bh7 Ke8 102. Ne5 Kd8 103. Ke6 Kc7
104. Nd7 Kc6 105. Bd3 Kc7 106. Be4 Kc8 107. Kd6 Kd8 108. Bg6 Kc8 109. Nc5 Kd8
110. Nb7+ Kc8 111. Kc6 Kb8 112. Bf5 Ka7 113. Nc5 Ka8 114. Kb6 Kb8 115. Na6+ 1-0

[Event "Donau op 12th"]
[Site "Aschach"]
[Date "2003.12.31"]
[Round "7"]
[White "Cifka, Stanislav"]
[Black "Moser, Eva"]
[Result "0-1"]
[WhiteElo "2266"]
[BlackElo "2339"]
[PlyCount "72"]
[EventDate "2003.12.26"]
[EventType "swiss"]
[EventRounds "7"]
[EventCountry "AUT"]
[SourceTitle "CBM 097 Extra"]
[Source "ChessBase"]
[SourceDate "2004.01.13"]
[SourceVersion "1"]
[SourceVersionDate "2004.01.13"]
[SourceQuality "1"]

1. d4 Nf6 2. c4 g6 3. Nc3 Bg7 4. e4 O-O 5. Be3 c6 6. f3 d5 7. e5 Ne8 8. cxd5
cxd5 9. Bd3 Nc6 10. Nge2 f6 11. f4 fxe5 12. dxe5 Bh6 13. O-O Nc7 14. Qb3 Nxe5
15. Rad1 Nxd3 16. Rxd3 e6 17. f5 Bxe3+ 18. Rxe3 gxf5 19. Nf4 Kh8 20. Rh3 Qf6
21. Qd1 Bd7 22. Re1 Be8 23. Nce2 e5 24. Nxd5 Nxd5 25. Qxd5 Bc6 26. Qc4 Rg8 27.
Ng3 Rae8 28. Qc2 e4 29. Rf1 f4 30. Kh1 Qe5 31. Ne2 Ref8 32. Ng1 Rg7 33. Qe2 Qg5
34. Rh5 Qg4 35. Re5 f3 36. Rxe4 Qxg2+ 0-1

[Event "Donau op 12th"]
[Site "Aschach"]
[Date "2003.12.30"]
[Round "6"]
[White "Moser, Eva"]
[Black "Teske, Henrik"]
[Result "1/2-1/2"]
[WhiteElo "2339"]
[BlackElo "2518"]
[PlyCount "24"]
[EventDate "2003.12.26"]
[EventType "swiss"]
[EventRounds "7"]
[EventCountry "AUT"]
[SourceTitle "CBM 097 Extra"]
[Source "ChessBase"]
[SourceDate "2004.01.13"]
[SourceVersion "1"]
[SourceVersionDate "2004.01.13"]
[SourceQuality "1"]

1. e4 c5 2. Nf3 Nc6 3. c3 e6 4. d4 d5 5. exd5 exd5 6. Bb5 Bd6 7. dxc5 Bxc5 8.
O-O Nge7 9. Nbd2 O-O 10. Nb3 Bd6 11. Bd3 h6 12. h3 Be6 1/2-1/2

[Event "Donau op 12th"]
[Site "Aschach"]
[Date "2003.12.29"]
[Round "5"]
[White "Moser, Eva"]
[Black "Schoepf, Andreas"]
[Result "1-0"]
[WhiteElo "2339"]
[BlackElo "2138"]
[PlyCount "79"]
[EventDate "2003.12.26"]
[EventType "swiss"]
[EventRounds "7"]
[EventCountry "AUT"]
[SourceTitle "CBM 097 Extra"]
[Source "ChessBase"]
[SourceDate "2004.01.13"]
[SourceVersion "1"]
[SourceVersionDate "2004.01.13"]
[SourceQuality "1"]

1. e4 c5 2. d3 e6 3. g3 Nc6 4. Bg2 d6 5. f4 Nf6 6. Nf3 Be7 7. O-O O-O 8. Kh1
Bd7 9. Be3 d5 10. e5 Ne8 11. c3 b5 12. Nbd2 Nc7 13. Nb3 d4 14. cxd4 Nd5 15. Bg1
c4 16. Nc5 c3 17. bxc3 Nxc3 18. Qe1 Nd5 19. Ng5 Be8 20. Nge4 a5 21. g4 Ndb4 22.
Qf2 Bh4 23. Qb2 Rc8 24. a3 Nd5 25. f5 exf5 26. Nd6 Nce7 27. Nxc8 Nxc8 28. gxf5
Bg5 29. Rae1 b4 30. Ne4 Bh4 31. Rc1 Ncb6 32. axb4 Nxb4 33. Qd2 Bb5 34. Nc5 N6d5
35. Rcd1 Bg5 36. Qe1 Nc2 37. Qg3 Nde3 38. f6 h6 39. h4 Qxd4 40. hxg5 1-0

[Event "Donau op 12th"]
[Site "Aschach"]
[Date "2003.12.27"]
[Round "3"]
[White "Moser, Eva"]
[Black "Krivoshey, Sergei"]
[Result "0-1"]
[WhiteElo "2339"]
[BlackElo "2495"]
[PlyCount "96"]
[EventDate "2003.12.26"]
[EventType "swiss"]
[EventRounds "7"]
[EventCountry "AUT"]
[SourceTitle "CBM 097 Extra"]
[Source "ChessBase"]
[SourceDate "2004.01.13"]
[SourceVersion "1"]
[SourceVersionDate "2004.01.13"]
[SourceQuality "1"]

1. e4 e6 2. d4 d5 3. exd5 exd5 4. Bd3 c5 5. dxc5 Bxc5 6. Nf3 Nf6 7. Qe2+ Be7 8.
O-O O-O 9. h3 Nc6 10. c3 Re8 11. Qc2 Bc5 12. Bg5 h6 13. Bf4 Ne4 14. Nbd2 Qf6
15. Be3 Bxe3 16. fxe3 Qg6 17. Kh1 Ng3+ 18. Kg1 Bf5 19. Bxf5 Qxf5 20. Qxf5 Nxf5
21. Kf2 Nxe3 22. Rfe1 Nc4 23. Rxe8+ Rxe8 24. Nxc4 dxc4 25. b3 cxb3 26. axb3 a6
27. b4 Rc8 28. Ke3 Ne7 29. Kd4 Nf5+ 30. Kd3 Rd8+ 31. Nd4 Nd6 32. Rb1 Nb5 33.
Rb3 Kf8 34. Ke3 Nxd4 35. cxd4 Rd5 36. Kd3 Rg5 37. Rb2 Ke7 38. Kc4 Kd6 39. Rf2
f6 40. g4 h5 41. Rf4 b6 42. Re4 g6 43. Rf4 f5 44. gxh5 Rxh5 45. h4 Rh8 46. d5
Ke5 47. Rd4 Rc8+ 48. Kd3 Rc1 0-1

[Event "Donau op 12th"]
[Site "Aschach"]
[Date "2003.12.26"]
[Round "1"]
[White "Moser, Eva"]
[Black "Hainzinger, Johann"]
[Result "1-0"]
[WhiteElo "2339"]
[BlackElo "2106"]
[PlyCount "77"]
[EventDate "2003.12.26"]
[EventType "swiss"]
[EventRounds "7"]
[EventCountry "AUT"]
[SourceTitle "CBM 097 Extra"]
[Source "ChessBase"]
[SourceDate "2004.01.13"]
[SourceVersion "1"]
[SourceVersionDate "2004.01.13"]
[SourceQuality "1"]

1. e4 Nc6 2. Nc3 Nf6 3. d4 d5 4. e5 Nd7 5. f4 Nb6 6. Nf3 Bf5 7. Bd3 e6 8. O-O
Bxd3 9. Qxd3 Nb4 10. Qe2 c5 11. f5 cxd4 12. Nxd4 Nc6 13. Nxc6 bxc6 14. fxe6
fxe6 15. Qh5+ g6 16. Qg4 Bc5+ 17. Kh1 Qd7 18. Bg5 Rf8 19. Rxf8+ Kxf8 20. Rd1
Qf7 21. Qe2 Kg8 22. Rf1 Qd7 23. Nd1 Rf8 24. Bf6 Rf7 25. Nf2 Nc4 26. Ng4 Bf8 27.
b3 Na5 28. Qa6 Qc7 29. Rf4 h5 30. Qd3 hxg4 31. Qxg6+ Bg7 32. Bxg7 Rxg7 33. Qe8+
Kh7 34. Qh5+ Kg8 35. Qe8+ Kh7 36. Rf8 Kh6 37. Rf6+ Kg5 38. Qxe6 Qd7 39. Rf5+
1-0

[Event "AUT-chT2M 0304"]
[Site "Austria"]
[Date "2003.12.07"]
[Round "4"]
[White "Kreisl, Robert"]
[Black "Moser, Eva"]
[Result "0-1"]
[WhiteElo "2166"]
[BlackElo "2339"]
[PlyCount "114"]
[EventDate "2003.11.08"]
[EventType "team-tourn"]
[EventRounds "11"]
[EventCountry "AUT"]
[SourceTitle "CBM 097 Extra"]
[Source "ChessBase"]
[SourceDate "2004.01.13"]
[SourceVersion "1"]
[SourceVersionDate "2004.01.13"]
[SourceQuality "1"]

1. d4 Nf6 2. c4 g6 3. Nc3 Bg7 4. e4 O-O 5. Nf3 c6 6. Bd3 d6 7. O-O Bg4 8. Be3
Nfd7 9. Be2 c5 10. d5 Na6 11. Nd2 Bxe2 12. Qxe2 Nc7 13. f4 e6 14. dxe6 fxe6 15.
Rad1 Qe7 16. Nf3 Rad8 17. Bc1 Nb8 18. e5 d5 19. a3 Nc6 20. Rd3 Na5 21. cxd5
exd5 22. Rfd1 d4 23. Ne4 Nc6 24. Qc2 Ne6 25. g3 b5 26. b3 Kh8 27. Nfg5 Nxg5 28.
Nxg5 Rc8 29. Ne4 c4 30. bxc4 bxc4 31. Rxd4 Nxd4 32. Rxd4 c3 33. Nd6 Rc6 34. Rd3
Rb8 35. g4 Qh4 36. Rg3 Qe7 37. Rd3 a6 38. Qa2 h6 39. Nf7+ Kh7 40. Rh3 Qc5+ 41.
Kg2 Qc4 42. Qxc4 Rxc4 43. Nd6 Rc6 44. f5 gxf5 45. gxf5 Rb1 46. f6 Rxc1 47. fxg7
Kxg7 48. Nf5+ Kh7 49. Nd4 Rc4 50. Nf5 Rc6 51. Nd4 c2 52. Nxc6 Rg1+ 53. Kxg1
c1=Q+ 54. Kf2 Qc2+ 55. Kg1 Qc5+ 56. Kf1 Qxc6 57. Kf2 Qc2+ 0-1

[Event "AUT-chT2M 0304"]
[Site "Austria"]
[Date "2003.12.06"]
[Round "3"]
[White "Moser, Eva"]
[Black "Waldmann, Gerald"]
[Result "1/2-1/2"]
[WhiteElo "2339"]
[BlackElo "2130"]
[PlyCount "114"]
[EventDate "2003.11.08"]
[EventType "team-tourn"]
[EventRounds "11"]
[EventCountry "AUT"]
[SourceTitle "CBM 097 Extra"]
[Source "ChessBase"]
[SourceDate "2004.01.13"]
[SourceVersion "1"]
[SourceVersionDate "2004.01.13"]
[SourceQuality "1"]

1. g3 d5 2. Bg2 Nf6 3. Nf3 Bg4 4. c4 c6 5. cxd5 Nxd5 6. O-O e6 7. d4 Nd7 8. e4
N5f6 9. Nc3 Bb4 10. Qb3 Qb6 11. Ne5 Nxe5 12. dxe5 Nd7 13. Be3 Bc5 14. Qxb6 axb6
15. Bxc5 Nxc5 16. f4 f6 17. exf6 gxf6 18. h3 Bh5 19. g4 Bf7 20. e5 fxe5 21.
fxe5 Bg6 22. b4 Nd3 23. b5 Ke7 24. a4 Rhf8 25. Rxf8 Rxf8 26. a5 bxa5 27. bxc6
bxc6 28. Rxa5 Rd8 29. h4 c5 30. h5 Be8 31. Ne4 Nxe5 32. Nxc5 Nxg4 33. Bf3 Nf6
34. Ra7+ Bd7 35. h6 Ke8 36. Nxd7 Nxd7 37. Bc6 Ke7 38. Kf2 Kd6 39. Bf3 Rf8 40.
Ke3 Rf7 41. Ra6+ Ke5 42. Ra5+ Kd6 43. Ra6+ Ke5 44. Ra5+ Kf6 45. Ra6 Re7 46. Ra7
Ne5 47. Rxe7 Kxe7 48. Be4 Ng4+ 49. Kf4 Nxh6 50. Bxh7 Kd6 51. Be4 Nf7 52. Bg2
e5+ 53. Kf5 Nd8 54. Kf6 Ne6 55. Bf3 Nc5 56. Bg2 Nb3 57. Be4 Nd4 1/2-1/2

[Event "AUT-chT2M 0304"]
[Site "Austria"]
[Date "2003.11.08"]
[Round "1"]
[White "Moser, Eva"]
[Black "Smole, Albert"]
[Result "1-0"]
[WhiteElo "2328"]
[BlackElo "2173"]
[PlyCount "59"]
[EventDate "2003.11.08"]
[EventType "team-tourn"]
[EventRounds "11"]
[EventCountry "AUT"]
[SourceTitle "CBM 097 Extra"]
[Source "ChessBase"]
[SourceDate "2004.01.13"]
[SourceVersion "1"]
[SourceVersionDate "2004.01.13"]
[SourceQuality "1"]

1. e4 e5 2. Bc4 Nf6 3. d3 c6 4. Nf3 d6 5. O-O Be7 6. Re1 O-O 7. Bb3 Nbd7 8. c3
Nc5 9. Bc2 Qc7 10. Nbd2 h6 11. Nf1 Re8 12. Ng3 Bf8 13. h3 Be6 14. d4 Ncd7 15.
Be3 Rad8 16. Qc1 Nb6 17. b3 Rc8 18. Qd2 Rcd8 19. Qc1 Rc8 20. c4 Nfd7 21. Qd2 d5
22. c5 exd4 23. Bf4 Qd8 24. cxb6 Qxb6 25. Qd3 g6 26. e5 c5 27. Qd2 c4 28. Bxh6
Bb4 29. Qxd4 Qa5 30. Bd3 1-0

[Event "EU-chT (Women)"]
[Site "Plovdiv"]
[Date "2003.10.18"]
[Round "7"]
[White "Dzagnidze, Nana"]
[Black "Moser, Eva"]
[Result "1-0"]
[WhiteElo "2452"]
[BlackElo "2339"]
[PlyCount "105"]
[EventDate "2003.10.10"]
[EventType "team-swiss"]
[EventRounds "9"]
[EventCountry "BUL"]
[SourceTitle "CBM 096 Extra"]
[Source "ChessBase"]
[SourceDate "2003.10.22"]
[SourceVersion "2"]
[SourceVersionDate "2003.10.20"]
[SourceQuality "1"]

1. d4 d6 2. Nf3 Bg4 3. e3 Nf6 4. Be2 Nbd7 5. c4 e5 6. Nc3 Be7 7. O-O O-O 8. b3
Re8 9. Bb2 Bf8 10. dxe5 dxe5 11. Qc2 c6 12. Nh4 Bxe2 13. Nxe2 a5 14. Nf5 a4 15.
Rad1 axb3 16. axb3 Qc7 17. Kh1 Nc5 18. f4 Nfd7 19. Neg3 Red8 20. Qf2 f6 21. Qf3
Qb6 22. Qg4 Kh8 23. Nh5 g6 24. fxe5 gxh5 25. Qxh5 Nxe5 26. Qh4 Rxd1 27. Qxf6+
Kg8 28. Rxd1 Ne4 29. Qh4 Ng6 30. Nh6+ Bxh6 31. Qxh6 Qc7 32. Rf1 Rd8 33. Qh5 Qe7
34. Bd4 Rf8 35. Rf3 Qa3 36. h3 Rxf3 37. Qxf3 Qe7 38. b4 Qe6 39. c5 Ne7 40. Qf4
Qf5 41. Qb8+ Kf7 42. Qh8 Ke6 43. Qb8 Ng3+ 44. Qxg3 Qf1+ 45. Kh2 Qf5 46. Qd6+
Kf7 47. Qc7 Qe6 48. Qxb7 Kg6 49. b5 cxb5 50. Qxb5 Nc6 51. Qb7 h6 52. Qg7+ Kf5
53. Qg4# 1-0

[Event "EU-chT (Women)"]
[Site "Plovdiv"]
[Date "2003.10.17"]
[Round "6"]
[White "Moser, Eva"]
[Black "Hagarova, Zuzana"]
[Result "1-0"]
[WhiteElo "2339"]
[BlackElo "2352"]
[PlyCount "111"]
[EventDate "2003.10.10"]
[EventType "team-swiss"]
[EventRounds "9"]
[EventCountry "BUL"]
[SourceTitle "CBM 096 Extra"]
[Source "ChessBase"]
[SourceDate "2003.10.22"]
[SourceVersion "2"]
[SourceVersionDate "2003.10.20"]
[SourceQuality "1"]

1. e4 c5 2. c3 d5 3. exd5 Qxd5 4. d4 g6 5. Nf3 Bg7 6. Na3 Nh6 7. Bc4 Qe4+ 8.
Be3 cxd4 9. cxd4 O-O 10. Nb5 Nc6 11. Nc3 Qg4 12. h3 Qd7 13. g4 Kh8 14. Qd2 Ng8
15. O-O-O a6 16. Ng5 e5 17. dxe5 Qxd2+ 18. Rxd2 Nxe5 19. Bb3 h6 20. f4 hxg5 21.
fxe5 Be6 22. Bxe6 fxe6 23. h4 Ne7 24. Bc5 Rfe8 25. hxg5+ Kg8 26. Ne4 Bxe5 27.
Bd6 Bg7 28. Nf6+ Bxf6 29. gxf6 Nc6 30. Rdh2 Kf7 31. g5 e5 32. Rh7+ Ke6 33. f7
Red8 34. f8=Q Rxf8 35. Bxf8 Rxf8 36. Rxb7 Rf5 37. Rd1 e4 38. Rb6 Rc5+ 39. Kb1
Kf5 40. Rc1 Rxc1+ 41. Kxc1 Ne5 42. Rxa6 Kxg5 43. Kd2 Kf5 44. b4 g5 45. b5 g4
46. b6 g3 47. b7 g2 48. b8=Q Nf3+ 49. Ke2 g1=Q 50. Ra5+ Ke6 51. Qe8+ Kd6 52.
Qf8+ Kc6 53. Qf6+ Kb7 54. Qa6+ Kc7 55. Qc4+ Kd6 56. Rd5+ 1-0

[Event "EU-chT (Women)"]
[Site "Plovdiv"]
[Date "2003.10.15"]
[Round "5"]
[White "Moser, Eva"]
[Black "Bojkovic, Natasa"]
[Result "1/2-1/2"]
[WhiteElo "2339"]
[BlackElo "2408"]
[PlyCount "120"]
[EventDate "2003.10.10"]
[EventType "team-swiss"]
[EventRounds "9"]
[EventCountry "BUL"]
[SourceTitle "CBM 096 Extra"]
[Source "ChessBase"]
[SourceDate "2003.10.22"]
[SourceVersion "2"]
[SourceVersionDate "2003.10.20"]
[SourceQuality "1"]

1. e4 c5 2. d3 g6 3. g3 Bg7 4. Bg2 d6 5. f4 e5 6. Nc3 Nc6 7. Nh3 Nge7 8. O-O f6
9. Be3 Nd4 10. Nd5 Nxd5 11. exd5 Nf5 12. Bd2 h5 13. fxe5 dxe5 14. Nf2 Qb6 15.
Rb1 a5 16. c4 Nd4 17. Ne4 O-O 18. Kh1 Bg4 19. Qa4 Be2 20. Qa3 Bxf1 21. Bxf1
Rfc8 22. Qa4 f5 23. Ng5 Qf6 24. Bg2 Rf8 25. Rf1 b6 26. Ne6 Nxe6 27. dxe6 e4 28.
Bf4 Qxe6 29. dxe4 fxe4 30. Re1 Kh8 31. Rxe4 Qf5 32. h3 Rad8 33. Qc6 Rf6 34. Qb7
Qd7 35. Qxd7 Rxd7 36. Re8+ Rf8 37. Re6 Rf6 38. Re8+ Kh7 39. Bd5 Rf8 40. Re6
Bxb2 41. Rxb6 Bd4 42. h4 Re7 43. Kg2 Rf6 44. Rb8 Rxf4 45. gxf4 Re2+ 46. Kf3
Rxa2 47. Rb7+ Kh8 48. Rb8+ Kg7 49. Rb7+ Kf8 50. Rf7+ Ke8 51. Ra7 Ra3+ 52. Kg2
Ra2+ 53. Kf3 Ra3+ 54. Kg2 Ra1 55. Kf3 Rb1 56. Ke4 Re1+ 57. Kf3 Re3+ 58. Kg2
Re2+ 59. Kf3 Re3+ 60. Kg2 Re2+ 1/2-1/2

[Event "EU-chT (Women)"]
[Site "Plovdiv"]
[Date "2003.10.14"]
[Round "4"]
[White "Klinova, Masha"]
[Black "Moser, Eva"]
[Result "0-1"]
[WhiteElo "2378"]
[BlackElo "2339"]
[PlyCount "58"]
[EventDate "2003.10.10"]
[EventType "team-swiss"]
[EventRounds "9"]
[EventCountry "BUL"]
[SourceTitle "CBM 096 Extra"]
[Source "ChessBase"]
[SourceDate "2003.10.22"]
[SourceVersion "2"]
[SourceVersionDate "2003.10.20"]
[SourceQuality "1"]

1. e4 c5 2. Nf3 Nc6 3. Bb5 g6 4. O-O Bg7 5. c3 Nf6 6. Re1 O-O 7. h3 e5 8. d4
cxd4 9. cxd4 Nxd4 10. Nxd4 Qb6 11. a4 exd4 12. e5 Ne8 13. Na3 Nc7 14. Nc4 Qe6
15. Nd6 Nxb5 16. Nxb5 d6 17. exd6 Qf6 18. b3 Bd7 19. Nc7 Rad8 20. Ba3 Bc6 21.
Ra2 Rxd6 22. Bxd6 Qxd6 23. Nb5 Qd5 24. f3 a6 25. Na3 Bxa4 26. Nc4 Bb5 27. Qd3
Bf6 28. Rd1 Rd8 29. Rc2 Qc5 0-1